Statistiken für Wo liegt diese Stadt - schwer

Klicken Sie hier um das Quiz zu spielen!

Allgemein

  • Dieses Quiz wurde 153 mal gespielt
  • Das Durchschnittsergebnis liegt bei 8 aus 20

Antwortstatistiken

HintAntwort% Korrekt
AjaccioFrankreich
79%
DebrecenUngarn
72%
Port ElizabethSüdafrika
64%
WhitehorseKanada
60%
TiraspolMoldawien
51%
VeracruzMexiko
49%
OranAlgerien
46%
TartuEstland
45%
NatalBrasilien
39%
IașiRumänien
39%
SfaxTunesien
36%
DurrësAlbanien
35%
PalembangIndonesien
31%
Montego BayJamaika
31%
KisanganiDemokratische Republik Kongo
28%
KanoNigeria
26%
TulaRussland
23%
YazdIran
17%
LatakiaSyrien
14%
GaoMali
13%

Verteilung der Resultate

Perzentil nach korrekt beantworteten Fragen

Anzahl Personen mit jedem Resultat

Ihre Resultats-Entwicklung

Sie haben dieses Quiz noch nicht gespielt